| 000 | 01002nam a2200193 a 4500 | ||
|---|---|---|---|
| 008 | 120416s1969 ||||||||||||||||| || u | ||
| 050 | _aHD 31 Fli | ||
| 100 | _aFlippo, Edwin B | ||
| 245 | 1 | 0 | _aManagement |
| 246 | _aa behavioral approach | ||
| 260 |
_aBoston _bAllyn and Bacon _c1969 |
||
| 350 | _a0.00 | ||
| 650 | 0 | _aMANAGEMENT | |
| 650 | _aORGANIZATIONAL BEHAVIOUR | ||
| 995 |
_aANNEX COLLECTION (Main Library) _D0.00 _e710182 _FCBU-MAIN LIBRARY (Kitwe) _H2 _I0.00 _jHD 31 Fli _M4 _UAVAILABLE _y000453 _ZAnnex Low-Usage Collection |
||
| 995 |
_aANNEX COLLECTION (Main Library) _D0.00 _e710181 _FCBU-MAIN LIBRARY (Kitwe) _H1 _I0.00 _jHD 31 Fli _M3 _UAVAILABLE _y000452 _ZAnnex Low-Usage Collection |
||
| 995 |
_aANNEX COLLECTION (Main Library) _D0.00 _e710180 _FCBU-MAIN LIBRARY (Kitwe) _H4 _I0.00 _jHD 31 Fli _M2 _UAVAILABLE _y000451 _ZAnnex Low-Usage Collection |
||
| 995 |
_aANNEX COLLECTION (Main Library) _D0.00 _e710179 _FCBU-MAIN LIBRARY (Kitwe) _H3 _I0.00 _jHD 31 Fli _M1 _UAVAILABLE _y000450 _ZAnnex Low-Usage Collection |
||
| 999 |
_c82366 _d82366 |
||